Klassische Musik: Komponisten - Statistiken

Allgemein
  • Dieses Quiz wurde 2.923 mal gespielt
  • Das Durchschnittsergebnis liegt bei 7 aus 16
Antwortstatistiken
Werke Komponist % Korrekt
Die Hochzeit des Figaro, Requiem, Jupiter-Sinfonie Wolfgang Amadeus Mozart
87%
Für Elise, Fidelio, Mondscheinsonate Ludwig van Beethoven
83%
Schwanensee, Der Nussknacker, Ouvertüre 1812 Peter Tschaikowsky
74%
Das Wohltemperierte Klavier, Matthäus-Passion, Die Kunst der Fuge Johann Sebastian Bach
65%
Rigoletto, La Traviata, Aida Giuseppe Verdi
49%
Rienzi, Tristan und Isolde, Der fliegende Holländer Richard Wagner
45%
Die Mittagshexe, Slawische Tänze, Sinfonie "Aus der neuen Welt" Antonín Dvořák
42%
Messias, Rinaldo, Wassermusik Georg Friedrich Händel
42%
Forellenquintett, Winterreise, Ave Maria Franz Schubert
40%
Das schöne Mädchen von Perth, Die Perlenfischer, Carmen Georges Bizet
40%
Eine Alpensinfonie, Der Rosenkavalier, Also sprach Zarathustra Richard Strauss
37%
Madame Butterfly, Turandot, Tosca Giacomo Puccini
32%
Der Barbier von Sevilla, Wilhelm Tell, Die diebische Elster Gioachino Rossini
27%
Romeo und Julia, Die Liebe zu den drei Orangen, Peter und der Wolf Sergei Prokofjew
27%
Enigma-Variationen, Pomp and Circumstance, Severn Suite Edward Elgar
21%
Auferstehungssinfonie, Das Lied von der Erde, Kindertotenlieder Gustav Mahler
21%
Keine übereinstimmenden Quizze gefunden
Verteilung der Resultate
Anzahl Personen mit jedem Resultat
Perzentil nach korrekt beantworteten Fragen
Ihre Resultats-Entwicklung
Sie haben dieses Quiz noch nicht gespielt